| 000 | 00478nam a22001817a 4500 | ||
|---|---|---|---|
| 003 | CEME | ||
| 005 | 20210628202538.0 | ||
| 008 | 210118b xxu||||| |||| 00| 0 eng d | ||
| 020 | _a0-7106-0595-1 | ||
| 040 | _cceme | ||
| 082 | _a623.74752 OGO'T | ||
| 100 |
_aOgorkiewicz, Richard M _960422 |
||
| 245 | _aTechnology of tanks - ii | ||
| 260 |
_a1991 _bJANES INFORMATION SYSTEM |
||
| 300 | _a424P | ||
| 650 |
_aTECHNOLOGY OF TANKS.TANKS TECHNOLOGY _960423 |
||
| 942 |
_cBK _2ddc |
||
| 999 |
_c570143 _d570143 |
||